Statistics for Prominent Soccer Players from the 1970s

Click here to take the quiz!

General Stats

  • This quiz has been taken 300 times
  • The average score is 14 of 20

Answer Stats

HintAnswer% Correct
Peter ShiltonEngland
95%
Dino ZoffItaly
92%
Roberto RivelinoBrazil
90%
Lev YashinUSSR
88%
Johan NeeskensNetherlands
87%
Hugo SanchezMexico
86%
Zbigniew BoniekPoland
85%
Daniel PassarellaArgentina
84%
Ronnie HellströmSweden
80%
Berti VogtsWest Germany
78%
Archie GemmillScotland
74%
Teofilo CubillasPeru
67%
Eric GeretsBelgium
63%
Marius TresorFrance
59%
Antonin PanenkaCzechoslovakia
56%
PirriSpain
51%
Branko OblakYugoslavia
45%
Tibor NyilasiHungary
43%
Herbert ProhaskaAustria
40%
Ladislao MazurkiewiczUruguay
25%

Score Distribution

Percentile by Number Answered

Percent of People with Each Score

Your Score History

You have not taken this quiz